Central Library OPAC University of Rajshahi
Normal view MARC view

Entry Personal Name

Number of records used in: 3

001 - CONTROL NUMBER

  • control field: 3184

003 - CONTROL NUMBER IDENTIFIER

  • control field: BD-RjUL

005 - DATE AND TIME OF LATEST TRANSACTION

  • control field: 20220525153023.0

008 - FIXED-LENGTH DATA ELEMENTS

  • fixed length control field: 220525|| aca||aabn | a|a d

040 ## - CATALOGING SOURCE

  • Original cataloging agency: BD-RjUL
  • Transcribing agency: BD-RjUL

100 ## - HEADING--PERSONAL NAME

  • Personal name: Haque, Md. Johrul

670 ## - SOURCE DATA FOUND

  • Source citation: Work cat.: (BD-RjUL)79850: Haque, Md. Johrul, Performance of the Parasltoid,Dinarmus (Rond.) (Hymenoptera :, 2005